00410cam a2200157ua 4500001000400000008003900004020001800043040000900061082001000070245003100080250003500111260005400146300002200200653001500222653001500237192110323n ii |||gr||||Z||||||eng a81-7046-123-5 cMAIN a307.2 aPeople of India Meghalaya. a1st. / bEdited by K.S. Singh. aCalcutta.:bAnthropological survey of India.,994. axvi, 263 p.:6 cm. aSociology. aMeghalaya.